Catálogo
 En Linea

Transición : (Registro nro. 31390)

Detalles MARC
000 -CABECERA
campo de control de longitud fija 00646nam a2200157 a 4500
001 - NÚMERO DE CONTROL
campo de control 000031899
005 - FECHA Y HORA DE LA ÚLTIMA TRANSACCIÓN
campo de control 20200930063251.0
008 - DATOS DE LONGITUD FIJA--INFORMACIÓN GENERAL
campo de control de longitud fija 110707s2008 dr 000 0 spa d
040 ## - FUENTE DE LA CATALOGACIÓN
Centro catalogador/agencia de origen DO-SdBNP
Lengua de catalogación spa
Centro/agencia transcriptor BNPHU
082 ## - NÚMERO DE LA CLASIFICACIÓN DECIMAL DEWEY
Número de clasificación xxxx
Número de documento/Ítem J36t
100 1# - ENTRADA PRINCIPAL--NOMBRE DE PERSONA
Nombre de persona Jáquez, Inés
9 (RLIN) 58092
245 10 - MENCIÓN DE TÍTULO
Título Transición :
Resto del título pinturas y esculturas /
Mención de responsabilidad, etc. Inés Jáquez.
260 ## - PUBLICACIÓN, DISTRIBUCIÓN, ETC.
Lugar de publicación, distribución, etc. Santo Domingo, :
Nombre del editor, distribuidor, etc. La Galería del Hotel Intercontinental V Centenario Santo Santo Domingo,
Fecha de publicación, distribución, etc. 2008.
300 ## - DESCRIPCIÓN FÍSICA
Extensión 4 p. ;
Dimensiones 21 cm.
500 ## - NOTA GENERAL
Nota general "Transición" exposición individual de la artista Inés Jáquez de Bidó realizada el lunes 29 de abril a las 7:30 de la noche en el Hotel V Centenario
Existencias
Estado de retiro Estado de pérdida No para préstamo Código de colección Localización permanente Ubicación/localización actual Ubicación en estantería Fecha de adquisición Número de inventario Total de préstamos Signatura topográfica completa Código de barras Fecha visto por última vez Precio válido a partir de Tipo de ítem Koha
    Excluido de préstamo Patrimonio Dominicano Patrimonio Dominicano Patrimonio Dominicano En catalogación 07.07.2011 LF1   xxxx J36t 31899-10 25.06.2020 25.06.2020 Libro y Folleto Colección Patrimonio Dominicano

Con tecnología Koha